| 000 | 00555ntaaa2200217 4500 | ||
|---|---|---|---|
| 003 | 01 | ||
| 005 | 20251027202633.0 | ||
| 008 | 0714s1973 ag 01 | ||
| 020 | _a8422704887 | ||
| 040 |
_aAR-BaBN _bspa _cAR-BaBN _eaacr _dRIC |
||
| 082 | _a371.4000 It8o | ||
| 100 |
_aIturbe, Teresa _925673 |
||
| 245 | _aOrientación educativa del niño | ||
| 250 | _a1 ed. | ||
| 260 |
_aMadrid : _bNarcea, _c1981 |
||
| 300 |
_a151 p ; _cilu. : 18,5 cm |
||
| 500 | _aContiene bibliografìa | ||
| 650 | _aeducación | ||
| 700 |
_aNardo, Rita de _925674 |
||
| 942 | _cBK | ||
| 999 |
_c21500 _d21500 |
||